Normal view
MARC view
Entry Topical Term
001 - CONTROL NUMBER
- control field: 7840
003 - CONTROL NUMBER IDENTIFIER
- control field: ARRUPE
005 - DATE AND TIME OF LATEST TRANSACTION
- control field: 20140204141939.0
008 - FIXED-LENGTH DATA ELEMENTS
- fixed length control field: 140204|| aca||aabn | a|a d
040 ## - CATALOGING SOURCE
- Original cataloging agency: ARRUPE
- Transcribing agency: ARRUPE
150 ## - HEADING--TOPICAL TERM
- Topical term or geographic name as entry element: Fundamentalism
- Form subdivision: Controversial literature.
670 ## - SOURCE DATA FOUND
- Source citation: Work cat.: (ARRUPE)0: Countryman, Louis William, 1941- 7837, Biblical authority or biblical tyranny :, c1994.